000 00787nam a2200229Ia 4500
003 OSt
005 20240904151937.0
008 220927b |||||||| |||| 00| 0 eng d
020 _cUSD 2995.00
_a9780123786302
037 _b150, 09/03/2017, N.R.Book Distributors
_cReference Collections
040 _aSDCL
_cSDCL
_beng
041 _2eng
_aeng
082 _aG:33:(E)k Q3.3 RR
100 _aLennarz, William J.
_9428616
245 0 _aEncyclopedia of biological chemistry.
260 _c2013.
_aAmsterdam :
_bElsevier,
300 _aIxviii, 729p.
490 _vVolume 3: M-Q
650 _aBiochemistry
942 _hG:33:(E)k Q3.3 RR
_cREF
_2CC
999 _c745167
_d745167